000 00575nam a2200193Ia 4500
008 140321s9999 xx 000 0 und d
020 _a9788178848648
050 _aTX 911.3.M27
_b.C492 2012
100 _aChatak, G.R.
245 _aPerspectives on business travel and tourism /
_cG.R. Chatak.
250 _a1st ed.
260 _aNew Delhi :
_bCyber Tech Pub.,
_cc2012.
300 _a272 p. :
_c23 cm.
500 _aIncludes bibliographical references and index.
521 _aTOU
650 _aHospitality industry
_xManagement.
942 _kFOR
_cBK
999 _c48520
_d48520